000 00582cam a22002053a 4500
001 41811
003 PGUSA
005 20140828083937.0
008 130110s2013||||xxu|||||s|||||000 | eng d
040 _aPGUSA
_beng
042 _adc
100 1 _aMilman, Henry Hart,
_d1791-1868
245 1 0 _aLife of Thomas à Becket
_h[electronic resource] /
_cHenry Hart Milman
260 _bProject Gutenberg,
_c2013
506 _aPublic domain in the USA.
516 _aElectronic text
830 0 _aProject Gutenberg
_v41811
856 4 0 _uhttp://www.gutenberg.org/ebooks/41811
942 _cEB
999 _c271063
_d271063